[Event "16th Russian Club Cup, HL"]
[Site "Sochi RUS"]
[Date "2009.04.03"]
[Round "2.28"]
[White "Zabotin, Alexander"]
[Black "Shorokhov, Alexandr"]
[Result "1/2-1/2"]
[WhiteElo "2486"]
[BlackElo "2457"]
[Annotator ""]
[Source ""]
[Remark ""]

1.d4 Nf6 2.Nf3 g6 3.Bf4 Bg7 4.e3 O-O 5.h3 d6 6.Be2 c5 7.c3 cxd4
8.exd4 b6 9.O-O Bb7 10.Bh2 Nbd7 11.Nbd2 Qc7 12.Re1 e5 13.Bf1
Rfe8 14.Qb3 Re7 15.Qa3 Rae8 16.dxe5 Nxe5 17.Bb5 Rd8 18.Nd4 a6
19.Bf1 b5 20.Qb3 Nfd7 21.Rac1 Nb6 22.Bf4 h6 23.Qc2 Rde8 24.Red1
f5 25.Bg3 Kh7 26.b3 Rc8 27.h4 h5 28.c4 Qd7 29.N4f3 Nxf3+ 30.Nxf3
Bxf3 31.gxf3 bxc4 32.bxc4 Rc6 33.Qd2 Bh6 1/2-1/2

[Event "16th Russian Club Cup, HL"]
[Site "Sochi RUS"]
[Date "2009.04.03"]
[Round "2.29"]
[White "Belov, Igor"]
[Black "Chernobay, Artem"]
[Result "1-0"]
[WhiteElo "2443"]
[BlackElo "2398"]
[Annotator ""]
[Source ""]
[Remark ""]

1.Nf3 d6 2.d4 Nf6 3.c4 g6 4.Nc3 Bg7 5.e4 O-O 6.Be2 e5 7.d5 a5
8.Bg5 h6 9.Bh4 Na6 10.Nd2 Bd7 11.b3 Qe8 12.O-O Nh7 13.a3 h5 14.f3
Bf6 15.Bf2 h4 16.Rb1 Bg5 17.b4 axb4 18.axb4 Qe7 19.Kh1 Nf6 20.Qc2
Kg7 21.Rfd1 Rh8 22.Nf1 b6 23.Bd3 Nh5 24.Ne2 Qf6 25.Ng1 Bf4 26.h3
Qg5 27.Be1 Ng3+ 28.Nxg3 hxg3 29.Ra1 Be3 30.Bf1 Bd4 31.Rxd4 Nxb4
32.Qc1 Qxc1 33.Rxc1 exd4 34.Bxb4 Ra4 35.Rb1 Rha8 36.Ne2 Ra1 37.Rxa1
Rxa1 38.Nxg3 Rb1 39.Bd2 Rd1 40.Bb4 Rb1 41.Bd2 Rd1 42.Bb4 b5 43.cxb5
d3 44.Kh2 Bxb5 45.Kg1 Kg8 46.Kf2 d2 47.Bxb5 Rf1+ 48.Nxf1 d1Q
49.Bd2 Qb3 50.Be2 f5 51.Be3 Qc3 52.exf5 gxf5 53.Ng3 Qe5 54.Nh5
Kf7 55.Nf4 Qc3 56.g4 Qh8 57.Bd3 Qh4+ 58.Ke2 fxg4 59.fxg4 Qf6
60.Kf3 Kg8 61.Bf2 Qa1 62.h4 Qh1+ 63.Kg3 c5 64.dxc6 Qxc6 65.g5
d5 66.h5 Qc3 67.h6 Qe5 68.Kg4 Qb2 69.Bc5 d4 70.Be7 Qb6 71.Bc4+
Kh7 72.g6+ 1-0

[Event "16th Russian Club Cup, HL"]
[Site "Sochi RUS"]
[Date "2009.04.03"]
[Round "2.30"]
[White "Paveliev, Alexey"]
[Black "Glotov, Mikhail"]
[Result "0-1"]
[WhiteElo "2391"]
[BlackElo "2345"]
[Annotator ""]
[Source ""]
[Remark ""]

1.e4 c5 2.Nf3 d6 3.Nc3 Nf6 4.Be2 Nc6 5.O-O g6 6.d4 cxd4 7.Nxd4
Bg7 8.Nb3 O-O 9.Kh1 Be6 10.Bg5 h6 11.Bh4 g5 12.Bg3 d5 13.Nc5
d4 14.Nb5 Bc8 15.Bc7 Qe8 16.f4 b6 17.fxg5 hxg5 18.e5 Nd5 19.Ne4
Ne3 20.Qd3 Nb4 21.Qxd4 Nbxc2 22.Qd3 Qc6 23.Rf3 Bf5 24.Rxf5 Nxf5
25.Bf3 Nb4 26.Qe2 Qc2 27.Nd2 Qd3 28.Qxd3 Nxd3 29.Bxa8 Rxa8 30.Nc4
Nh4 31.a4 Rc8 32.a5 bxa5 33.Rxa5 Nxe5 34.Nxe5 Bxe5 35.Rxa7 Bxb2
36.g3 Ng6 37.Kg2 Kg7 38.Rb7 Bf6 39.Na7 Re8 40.Nc6 Ra8 41.Na7
Bd4 42.Bb8 Rxb8 0-1

[Event "16th Russian Club Cup, HL"]
[Site "Sochi RUS"]
[Date "2009.04.04"]
[Round "3.1"]
[White "Landa, Konstantin"]
[Black "Galkin, Alexander"]
[Result "1-0"]
[WhiteElo "2627"]
[BlackElo "2617"]
[Annotator ""]
[Source ""]
[Remark ""]

1.d4 d5 2.c4 e6 3.Nf3 c6 4.Qc2 Nf6 5.g3 dxc4 6.Qxc4 b5 7.Qd3
Bb7 8.Bg2 Nbd7 9.O-O a6 10.Nfd2 Qb6 11.a4 Be7 12.axb5 axb5 13.Rxa8+
Bxa8 14.Nc3 O-O 15.Nb3 Bb7 16.Be3 Nd5 17.Ne4 b4 18.Ra1 Ra8 19.Rxa8+
Bxa8 20.Nec5 Nxc5 21.dxc5 Qa7 22.Bd4 Qa4 23.e4 Nf6 24.Qc4 Nd7
25.Bh3 Kf8 26.Bf1 Bb7 27.f4 Nb8 28.Bc3 Na6 29.Be5 Qa2 30.Qc2
Kg8 31.Bd6 Bf6 32.e5 Bd8 33.Bc4 g6 34.Nd2 Qa1+ 35.Qb1 Qxb1+ 36.Nxb1
g5 37.Nd2 gxf4 38.gxf4 Nc7 39.Bxc7 Bxc7 40.Ne4 Bc8 41.Nf6+ Kh8
42.Ne8 Bb8 43.Kg2 Kg8 44.Kf3 Kf8 45.Nf6 h6 46.Ke3 Bc7 47.Bd3
b3 48.Bc4 Ba5 49.Ne4 Bb4 50.Kd4 Ke7 51.Bxb3 Be1 52.Bc4 Bb4 53.Be2
Be1 54.Bc4 Bb4 55.Kd3 Be1 56.Kc2 Bh4 57.Kd2 f6 58.exf6+ Bxf6
59.Nxf6 Kxf6 60.Ke3 e5 61.Bf1 Bd7 62.Bg2 Be8 63.Bh3 Bf7 64.Bg2
Be8 65.Be4 Bd7 66.h4 Be8 67.f5 Ke7 68.Kd2 Bd7 69.Kc3 Kf6 70.b3
Be8 71.b4 Bd7 72.Kb3 h5 73.Kc3 Be8 74.Kd3 Bd7 75.Ke2 Be8 76.Ke3
Bd7 77.Kd2 Be8 78.Kc3 Ke7 79.Kb3 Kf6 80.Ka4 Bd7 81.Ka5 Bxf5 82.Bxf5
Kxf5 83.b5 e4 84.bxc6 Ke6 85.Kb6 e3 86.c7 Kd7 87.Kb7 1-0

[Event "16th Russian Club Cup, HL"]
[Site "Sochi RUS"]
[Date "2009.04.04"]
[Round "3.2"]
[White "Khairullin, Ildar"]
[Black "Khenkin, Igor"]
[Result "1/2-1/2"]
[WhiteElo "2606"]
[BlackElo "2630"]
[Annotator ""]
[Source ""]
[Remark ""]

1.d4 d5 2.c4 c6 3.cxd5 cxd5 4.Nc3 Nf6 5.Nf3 Nc6 6.Bf4 Bf5 7.e3
e6 8.Qb3 Bb4 9.Bb5 O-O 10.O-O Bxc3 11.Bxc6 Bxb2 12.Bxb7 Bxa1
13.Rxa1 Qb6 14.Bxa8 1/2-1/2

[Event "16th Russian Club Cup, HL"]
[Site "Sochi RUS"]
[Date "2009.04.04"]
[Round "3.3"]
[White "Rakhmanov, Aleksandr"]
[Black "Dyachkov, Sergej"]
[Result "1/2-1/2"]
[WhiteElo "2543"]
[BlackElo "2568"]
[Annotator ""]
[Source ""]
[Remark ""]

1.d4 Nf6 2.c4 g6 3.Nc3 Bg7 4.e4 d6 5.Be2 O-O 6.Nf3 e5 7.O-O Nc6
8.d5 Ne7 9.Nd2 a5 10.a3 Nd7 11.Rb1 f5 12.b4 Kh8 13.Qc2 axb4 14.axb4
Nf6 15.f3 c6 16.Kh1 Nh5 17.Nb3 cxd5 18.cxd5 Ng8 19.Nb5 fxe4 20.fxe4
Qh4 21.Kg1 Ngf6 22.Bxh5 Nxh5 23.Rxf8+ Bxf8 24.Bd2 Bd7 25.Nc3 1/2-1/2

[Event "16th Russian Club Cup, HL"]
[Site "Sochi RUS"]
[Date "2009.04.04"]
[Round "3.4"]
[White "Iljushin, Alexei"]
[Black "Ulko, Jaroslav"]
[Result "0-1"]
[WhiteElo "2557"]
[BlackElo "2489"]
[Annotator ""]
[Source ""]
[Remark ""]

1.d4 Nf6 2.c4 e6 3.g3 d5 4.Bg2 dxc4 5.Nf3 Nc6 6.O-O Rb8 7.e3
b5 8.b3 cxb3 9.axb3 a6 10.Nbd2 Be7 11.Ne5 Nxe5 12.dxe5 Nd7 13.Bb2
O-O 14.Ne4 Nc5 15.Nxc5 Bxc5 16.Qc2 Qe7 17.Rfc1 Bb6 18.Bc6 b4
19.Rd1 a5 20.Rac1 Rd8 21.Rxd8+ Qxd8 22.Rd1 Qf8 23.Qe4 Bc5 24.Bd4
Ba6 25.Qc2 Bb6 26.Qe4 Rd8 27.Rc1 Qe7 28.h4 h6 29.Kg2 Bc8 30.h5
Bd7 31.f4 Qe8 32.Bb7 Bb5 33.Bxb6 cxb6 34.g4 Qe7 35.Kg3 Qd7 36.Qd4
Qxd4 37.exd4 Rxd4 38.Rc8+ Kh7 39.Kf3 Rd3+ 40.Kf2 Rd4 41.Ke3 Rd3+
42.Kf2 Rc3 43.Be4+ g6 44.hxg6+ fxg6 45.Rd8 Rxb3 46.f5 gxf5 47.gxf5
exf5 48.Bxf5+ Kg7 49.Rd6 Rc3 50.Rg6+ Kf8 51.Rxb6 Rc5 52.Rf6+
Ke7 53.Re6+ Kd8 54.Ke3 Bd7 0-1

[Event "16th Russian Club Cup, HL"]
[Site "Sochi RUS"]
[Date "2009.04.04"]
[Round "3.5"]
[White "Zabotin, Alexander"]
[Black "Shaposhnikov, Evgeny"]
[Result "1-0"]
[WhiteElo "2486"]
[BlackElo "2549"]
[Annotator ""]
[Source ""]
[Remark ""]

1.d4 Nf6 2.c4 e6 3.Nf3 b6 4.a3 Ba6 5.Qc2 Bb7 6.Nc3 c5 7.e4 cxd4
8.Nxd4 d6 9.Be2 Be7 10.Be3 O-O 11.O-O-O Qc7 12.g4 a6 13.g5 Nfd7
14.f4 Nc6 15.Rhg1 Rfc8 16.f5 Nxd4 17.Bxd4 Ne5 18.Kb1 Nxc4 19.Bxc4
Qxc4 20.Bxg7 Kxg7 21.f6+ Kf8 22.e5 Qh4 23.fxe7+ Kxe7 24.exd6+
Kd7 25.Rgf1 Qh5 26.Qf2 1-0

[Event "16th Russian Club Cup, HL"]
[Site "Sochi RUS"]
[Date "2009.04.04"]
[Round "3.6"]
[White "Kovchan, Alexander"]
[Black "Chernobay, Artem"]
[Result "1-0"]
[WhiteElo "2543"]
[BlackElo "2398"]
[Annotator ""]
[Source ""]
[Remark ""]

1.e4 c5 2.Nf3 Nc6 3.d4 cxd4 4.Nxd4 Nf6 5.Nc3 e5 6.Ndb5 d6 7.Bg5
a6 8.Na3 b5 9.Nd5 Be7 10.Bxf6 Bxf6 11.c4 b4 12.Nc2 a5 13.Qf3
Bg5 14.h4 Bh6 15.g4 Bf4 16.Rd1 O-O 17.Be2 a4 18.Nxf4 exf4 19.Qxf4
b3 20.axb3 axb3 21.Na3 Bb7 22.Rh3 Re8 23.Nb5 Re6 24.Nxd6 Qc7
25.Rxb3 Na5 26.Re3 Ba6 27.e5 Rb8 28.g5 Re7 29.Qd4 Nc6 30.Qc3
g6 31.f4 Nb4 32.Kf2 Bc8 33.Nb5 Qa5 34.Qa3 1-0

[Event "16th Russian Club Cup, HL"]
[Site "Sochi RUS"]
[Date "2009.04.04"]
[Round "3.7"]
[White "Sjugirov, Sanan"]
[Black "Drozdovskil, Yuri"]
[Result "1/2-1/2"]
[WhiteElo "2588"]
[BlackElo "2603"]
[Annotator ""]
[Source ""]
[Remark ""]

1.e4 e6 2.d4 d5 3.Nd2 dxe4 4.Nxe4 Nd7 5.Nf3 Ngf6 6.Bd3 c5 7.O-O
Nxe4 8.Bxe4 Nf6 9.Bg5 cxd4 10.Nxd4 Be7 11.Bf3 O-O 12.Re1 Qb6
13.Nb3 Rd8 14.Qe2 Bd7 15.Bd2 Bb4 16.c3 Bd6 17.c4 a5 18.Red1 Bc6
19.Bxc6 bxc6 20.Bc3 a4 21.Nd4 1/2-1/2

[Event "16th Russian Club Cup, HL"]
[Site "Sochi RUS"]
[Date "2009.04.04"]
[Round "3.8"]
[White "Nikolenko, Oleg"]
[Black "Zontakh, Andrey"]
[Result "1/2-1/2"]
[WhiteElo "2524"]
[BlackElo "2581"]
[Annotator ""]
[Source ""]
[Remark ""]

1.e4 c6 2.d4 d5 3.Nc3 dxe4 4.Nxe4 Bf5 5.Nc5 Nd7 6.Bd3 Bxd3 7.Nxd3
e6 8.Bf4 Ngf6 9.Nf3 Be7 10.O-O O-O 11.Qe2 a5 12.Rad1 a4 13.a3
Qa5 14.Rfe1 Qb5 15.c3 Nb6 16.Nfe5 Nc4 17.Qc2 Rad8 18.Nxc4 Qxc4
19.Ne5 Qa6 20.h3 Nd7 21.Nf3 Nf6 22.Ng5 h6 23.Ne4 Nxe4 24.Rxe4
Qa5 25.Be5 Bd6 26.Rde1 Bxe5 27.dxe5 b5 28.Rg4 Rd5 29.Qc1 Kh8
30.Qf4 Qd8 31.Re3 Rd3 32.Reg3 Rxg3 33.Qxg3 Qd1+ 34.Kh2 Rg8 35.Qf4
Rf8 36.Qb4 Kg8 37.Qf4 Kh8 38.Qb4 Kg8 39.Qe7 Qe2 40.f4 Qe4 41.Qf6
g6 42.Rg3 Re8 43.Rf3 c5 44.Qh4 h5 45.Rg3 Rc8 46.Qf6 c4 47.Rg5
Re8 48.f5 Qf4+ 49.Kh1 Qf1+ 1/2-1/2

[Event "16th Russian Club Cup, HL"]
[Site "Sochi RUS"]
[Date "2009.04.04"]
[Round "3.9"]
[White "Vysochin, Spartak"]
[Black "Nagibin, George"]
[Result "1-0"]
[WhiteElo "2543"]
[BlackElo "2386"]
[Annotator ""]
[Source ""]
[Remark ""]

1.e4 c5 2.c3 d5 3.exd5 Qxd5 4.d4 Nf6 5.Nf3 Bg4 6.dxc5 Qxd1+ 7.Kxd1
e5 8.b4 e4 9.h3 Bh5 10.g4 Nxg4 11.hxg4 Bxg4 12.Nbd2 exf3 13.Bd3
Nc6 14.Re1+ Be7 15.Kc2 Be6 16.Nxf3 O-O-O 17.Bg5 Rhe8 18.Bxh7
g6 19.Bxg6 Bg4 20.Bxe7 Rxe7 21.Rxe7 1-0

[Event "16th Russian Club Cup, HL"]
[Site "Sochi RUS"]
[Date "2009.04.04"]
[Round "3.10"]
[White "Shorokhov, Alexandr"]
[Black "Geller, Jakov"]
[Result "0-1"]
[WhiteElo "2457"]
[BlackElo "2525"]
[Annotator ""]
[Source ""]
[Remark ""]

1.e4 c5 2.Nf3 e6 3.g3 Nc6 4.Bg2 Nf6 5.d3 d5 6.Nbd2 Be7 7.O-O
b5 8.exd5 exd5 9.d4 O-O 10.dxc5 Bxc5 11.Nb3 Bb6 12.Bg5 Be6 13.Nbd4
Nxd4 14.Nxd4 h6 15.Be3 Qd7 16.Nxe6 Qxe6 17.Re1 Rfe8 18.c3 Rad8
19.Bxb6 Qxb6 20.Qd3 Re6 21.Rxe6 fxe6 22.Re1 a6 23.Bh3 Re8 24.Qd4
Qd6 25.f4 Re7 26.Bf1 Kf7 27.Bd3 Nd7 28.Kg2 Qc5 29.Bb1 Qd6 30.a3
e5 31.fxe5 Rxe5 32.Qf4+ Qf6 33.Qxf6+ Kxf6 34.Rf1+ Ke6 35.Kf2
Nc5 36.Rd1 Ne4+ 37.Bxe4 Rxe4 38.Kf3 Ke5 39.Rd3 g5 40.h3 h5 41.Kf2
a5 42.Kf3 a4 43.Kf2 d4 44.cxd4+ Rxd4 45.Ke3 Re4+ 46.Kf3 g4+ 47.hxg4
hxg4+ 48.Kf2 Rc4 49.Ke3 Rc2 50.Rc3 Rxb2 51.Rc5+ Kd6 52.Rg5 Rb3+
53.Kd4 Rxa3 54.Rxg4 Rb3 55.Rg6+ Ke7 0-1

[Event "16th Russian Club Cup, HL"]
[Site "Sochi RUS"]
[Date "2009.04.04"]
[Round "3.11"]
[White "Slugin, Sergey"]
[Black "Belov, Igor"]
[Result "1/2-1/2"]
[WhiteElo "2439"]
[BlackElo "2443"]
[Annotator ""]
[Source ""]
[Remark ""]

1.d4 Nf6 2.c4 g6 3.Nc3 Bg7 4.e4 d6 5.Nf3 O-O 6.Be2 e5 7.Be3 Ng4
8.Bg5 f6 9.Bh4 g5 10.Bg3 Nh6 11.c5 g4 12.Nh4 Nc6 13.cxd6 cxd6
14.dxe5 fxe5 15.Nb5 a6 16.Nxd6 Qa5+ 17.Kf1 Rd8 18.Qb3+ Kh8 19.Nhf5
Bxf5 20.Nxb7 Nd4 21.Nxa5 Nxb3 22.Nxb3 Bxe4 23.f3 gxf3 24.gxf3
Bd5 25.Kf2 e4 26.Rad1 exf3 27.Bxf3 Bxf3 28.Rxd8+ Rxd8 29.Kxf3
Bxb2 30.Re1 Nf5 31.Be5+ Bxe5 32.Rxe5 Nd4+ 33.Nxd4 1/2-1/2

[Event "16th Russian Club Cup, HL"]
[Site "Sochi RUS"]
[Date "2009.04.04"]
[Round "3.12"]
[White "Glotov, Mikhail"]
[Black "Gladyszev, Oleg"]
[Result "0-1"]
[WhiteElo "2345"]
[BlackElo "2434"]
[Annotator ""]
[Source ""]
[Remark ""]

1.d4 Nf6 2.c4 g6 3.Nc3 Bg7 4.e4 d6 5.f3 O-O 6.Nge2 c5 7.d5 e6
8.Ng3 exd5 9.cxd5 h5 10.Bg5 Qb6 11.Qd2 Nh7 12.Be3 Nd7 13.Rb1
Ne5 14.Be2 h4 15.Nf1 Qd8 16.Bh6 f5 17.Bxg7 Kxg7 18.f4 Nf7 19.Ne3
fxe4 20.g4 hxg3 21.hxg3 Qe7 22.b4 b6 23.Qb2 Kg8 24.Bd1 Re8 25.Qh2
Nf8 26.Ba4 Bd7 27.Bxd7 Qxd7 28.g4 cxb4 29.Rxb4 Rac8 30.Qd2 Qc7
31.Rc4 Qe7 32.Rxc8 Rxc8 33.Qd4 Qc7 34.Nxe4 Qc1+ 35.Kf2 Qxh1 36.Nf6+
Kh8 37.g5 Qh4+ 38.Kg2 Ne5 39.Nfg4 Rc2+ 40.Nxc2 Qxg4+ 41.Kf2 Kg8
42.fxe5 Qf5+ 43.Kg3 Qxg5+ 44.Kf3 Qf5+ 45.Kg3 Qxc2 46.e6 Qe2 47.Kf4
Qxe6 0-1

[Event "16th Russian Club Cup, HL"]
[Site "Sochi RUS"]
[Date "2009.04.04"]
[Round "3.13"]
[White "Kononenko, Dmitry"]
[Black "Popov, Ivan"]
[Result "1/2-1/2"]
[WhiteElo "2569"]
[BlackElo "2568"]
[Annotator ""]
[Source ""]
[Remark ""]

1.e4 e5 2.Nf3 Nc6 3.Bb5 a6 4.Ba4 Nf6 5.O-O Be7 6.Re1 b5 7.Bb3
d6 8.c3 O-O 9.h3 Nb8 10.d4 Nbd7 11.Nbd2 Bb7 12.Bc2 Re8 13.Nf1
Bf8 14.Ng3 g6 15.a4 c5 16.d5 c4 17.Bg5 h6 18.Be3 Nc5 19.Qd2 h5
20.Bg5 Be7 21.Bh6 Bf8 22.Bg5 Be7 23.Bh6 Bf8 1/2-1/2

[Event "16th Russian Club Cup, HL"]
[Site "Sochi RUS"]
[Date "2009.04.04"]
[Round "3.14"]
[White "Gasanov, Eldar"]
[Black "Chernyshov, Konstantin"]
[Result "1/2-1/2"]
[WhiteElo "2551"]
[BlackElo "2540"]
[Annotator ""]
[Source ""]
[Remark ""]

1.d4 d6 2.Nf3 Bg4 3.e4 Nf6 4.Nc3 c6 5.h3 Bh5 6.Qe2 e6 7.g4 Bg6
8.h4 h5 9.g5 Nfd7 10.Bh3 Be7 11.Be3 Qa5 12.Nd2 d5 13.f4 dxe4
14.O-O Bf5 15.Bg2 Qa6 16.Qf2 Nb6 17.Ncxe4 N8d7 18.b3 Nd5 19.Nc4
c5 20.Nxc5 Nxc5 21.dxc5 Nxe3 22.Qxe3 Rc8 23.Nd6+ Bxd6 24.cxd6
Rxc2 25.Rac1 O-O 26.Rxc2 Bxc2 27.Qc5 Qd3 28.d7 b6 29.Qc7 Qd4+
30.Kh2 Bf5 31.Bf3 e5 32.Qxe5 Qxd7 33.Rd1 Qc8 34.Bxh5 Bg4 35.Bxg4
Qxg4 36.Rd2 Qxh4+ 37.Kg2 Qg4+ 38.Kf2 Qh3 39.Qe3 Qh2+ 40.Kf1 Qh1+
41.Qg1 Qc6 42.Qg4 Re8 43.Re2 Rd8 44.Kf2 Qc5+ 45.Kg2 g6 46.Qf3
Qf5 47.Kg1 Qb1+ 48.Kg2 b5 49.Qc6 Qf5 50.Re8+ Rxe8 51.Qxe8+ Kg7
52.Kf3 b4 53.Qe4 Qh3+ 54.Ke2 Qh2+ 55.Kd3 Qxa2 1/2-1/2

[Event "16th Russian Club Cup, HL"]
[Site "Sochi RUS"]
[Date "2009.04.04"]
[Round "3.15"]
[White "Belikov, Vladimir"]
[Black "Rustemov, Alexander"]
[Result "1/2-1/2"]
[WhiteElo "2505"]
[BlackElo "2520"]
[Annotator ""]
[Source ""]
[Remark ""]

1.d4 d5 2.Nf3 Nf6 3.c4 c6 4.Nc3 dxc4 5.a4 Bf5 6.Ne5 Nbd7 7.Nxc4
Nb6 8.Ne5 a5 9.f3 Nfd7 10.Nxd7 Nxd7 11.e4 Bg6 12.Be2 e6 13.O-O
Bb4 14.Be3 O-O 15.Qb3 Qb8 16.Kh1 Re8 17.Rad1 Kh8 18.Bc4 Nb6 19.Bd3
Nd7 20.Ne2 Bd6 21.h3 Qc7 22.f4 f5 23.Bc4 Qb6 24.Qa2 Nf6 25.e5 1/2-1/2

[Event "16th Russian Club Cup, HL"]
[Site "Sochi RUS"]
[Date "2009.04.04"]
[Round "3.16"]
[White "Gabrielian, Artur"]
[Black "Krylov, Mikhail"]
[Result "1-0"]
[WhiteElo "2462"]
[BlackElo "2482"]
[Annotator ""]
[Source ""]
[Remark ""]

1.e4 e5 2.f4 exf4 3.Nf3 g5 4.h4 g4 5.Ne5 Nc6 6.d4 Nxe5 7.dxe5
f3 8.gxf3 Be7 9.Be3 Bxh4+ 10.Kd2 d6 11.exd6 Qxd6+ 12.Bd3 Bg3
13.Nc3 h5 14.Nb5 Qe5 15.Qg1 h4 16.Rf1 Rh5 17.f4 Qe7 18.Qxg3 hxg3
19.Rxh5 Be6 20.f5 Bc4 21.f6 Qb4+ 22.Kc1 O-O-O 23.a3 Qa4 24.b3
Bxb3 25.Rc5 Rxd3 26.cxd3 c6 27.Kb2 g2 28.Rg1 Be6 29.Nd4 Nxf6
30.Rxg2 Qa6 31.Rc3 Kd7 32.Rf2 Qb6+ 33.Kc2 Nh5 34.Rf1 g3 35.Bg1
Qd8 36.Rb1 Kc8 37.Nb5 Qf6 38.Nxa7+ Kc7 39.Nb5+ Kd7 40.Nd4 Kc7
41.a4 Nf4 42.a5 Bd7 43.Rcb3 Bc8 44.a6 bxa6 45.Rb6 Bd7 46.Rxa6
Nh3 47.Nb5+ Kd8 48.Bb6+ Ke7 49.Bc5+ Ke6 50.Nd4+ Ke5 51.Ra7 g2
52.Rxd7 g1Q 53.Rxg1 Nxg1 54.Nf5 Qg6 55.Re7+ Kf4 56.Be3+ Kg4 57.Bxg1
Qh5 58.Rxf7 Kh3 59.Rg7 Qe2+ 60.Kc3 Qe1+ 61.Kd4 Qa1+ 62.Ke3 Qe1+
63.Kf4 Qc1+ 64.Ke5 Qb2+ 65.Ke6 Qb3+ 66.Kf6 1-0

[Event "16th Russian Club Cup, HL"]
[Site "Sochi RUS"]
[Date "2009.04.04"]
[Round "3.17"]
[White "Simonian, Hrair"]
[Black "Papin, Vasily"]
[Result "1/2-1/2"]
[WhiteElo "2504"]
[BlackElo "2462"]
[Annotator ""]
[Source ""]
[Remark ""]

1.e4 c5 2.Nc3 a6 3.Nge2 e6 4.d4 cxd4 5.Nxd4 b5 6.Bd3 Qb6 7.Be3
Bc5 8.Be2 Nc6 9.Nxc6 dxc6 10.Qd6 Bxe3 11.fxe3 Nf6 12.O-O Nd7
13.Kh1 c5 14.Qxb6 Nxb6 15.a4 b4 16.a5 Nd7 17.Na4 Rb8 18.Rad1
Ke7 19.e5 Rf8 20.Rd6 Nxe5 21.Rfd1 c4 22.R6d4 Rb5 23.Bxc4 Rxa5
24.Nb6 Rc5 25.Nxc8+ Rfxc8 26.Bxa6 R8c6 27.Bf1 Rb6 28.R4d2 Ng4
29.Re1 Rd6 30.Rxd6 Kxd6 31.h3 Ne5 32.Rd1+ Kc7 33.Rd2 g6 1/2-1/2

[Event "16th Russian Club Cup, HL"]
[Site "Sochi RUS"]
[Date "2009.04.04"]
[Round "3.18"]
[White "Uzhva, Andrey"]
[Black "Olenin, Nikolay"]
[Result "1/2-1/2"]
[WhiteElo "2306"]
[BlackElo "2325"]
[Annotator ""]
[Source ""]
[Remark ""]

1.e4 c5 2.Nf3 d6 3.d4 cxd4 4.Nxd4 Nf6 5.Nc3 Nc6 6.g3 g6 7.Bg2
Nxd4 8.Qxd4 Bg7 9.O-O O-O 10.Qd3 Be6 11.Bd2 Qb6 12.b3 Rac8 13.Rac1
a6 14.Na4 Qb5 15.c4 Qh5 16.Nb6 1/2-1/2

[Event "16th Russian Club Cup, HL"]
[Site "Sochi RUS"]
[Date "2009.04.04"]
[Round "3.19"]
[White "Dolmatov, Sergey"]
[Black "Khalifman, Alexander"]
[Result "1/2-1/2"]
[WhiteElo "2557"]
[BlackElo "2610"]
[Annotator ""]
[Source ""]
[Remark ""]

1.e4 e5 2.Nf3 Nc6 3.Bc4 Nf6 4.d3 Bc5 5.O-O d6 6.c3 O-O 7.Bb3
a6 8.Re1 Ba7 9.h3 Be6 10.Be3 Bxe3 11.Rxe3 Bxb3 12.Qxb3 1/2-1/2

[Event "16th Russian Club Cup, HL"]
[Site "Sochi RUS"]
[Date "2009.04.04"]
[Round "3.20"]
[White "Smirnov, Pavel"]
[Black "Arslanov, Shamil"]
[Result "1-0"]
[WhiteElo "2575"]
[BlackElo "2365"]
[Annotator ""]
[Source ""]
[Remark ""]

1.e4 e6 2.d4 d5 3.Nc3 Bb4 4.e5 c5 5.a3 Bxc3+ 6.bxc3 Ne7 7.Qg4
Qc7 8.Qxg7 Rg8 9.Qxh7 cxd4 10.Ne2 Nbc6 11.f4 dxc3 12.Qd3 Bd7
13.Qxc3 Nf5 14.Rb1 O-O-O 15.Rg1 d4 16.Qd3 Na5 17.g4 Ba4 18.gxf5
Bxc2 19.Qb5 Rxg1 20.Nxg1 a6 21.Qb6 Bxb1 22.Qxb1 Nb3 23.Kd1 Qc3
24.fxe6 fxe6 25.Qc2 Na1 26.Qd3 Nb3 27.Qc2 Na1 28.Qb2 Kc7 29.Be2
b5 30.Nf3 Qc6 31.Bd2 d3 32.Ba5+ Kc8 33.Bxd8 dxe2+ 34.Kxe2 Nc2
35.Bg5 Qc5 36.Qb3 1-0

[Event "16th Russian Club Cup, HL"]
[Site "Sochi RUS"]
[Date "2009.04.04"]
[Round "3.21"]
[White "Kashlinskaya, Alina"]
[Black "Chuprov, Dmitry"]
[Result "1-0"]
[WhiteElo "2344"]
[BlackElo "2561"]
[Annotator ""]
[Source ""]
[Remark ""]

1.d4 Nf6 2.Nf3 d6 3.g3 Nbd7 4.c4 e5 5.Nc3 g6 6.Bg2 Bg7 7.O-O
O-O 8.e4 exd4 9.Nxd4 a6 10.h3 Rb8 11.Be3 Re8 12.a4 c6 13.a5 Ne5
14.b3 c5 15.Nde2 Be6 16.Qc2 Qc7 17.Rad1 Rbd8 18.f4 Nc6 19.g4
Qxa5 20.f5 gxf5 21.gxf5 Bc8 22.Bg5 Rd7 23.Qd2 Kh8 24.Qf4 Ne7
25.Qh4 Neg8 26.Rd3 h6 27.Rg3 b5 28.Bxf6 Nxf6 29.Nd5 Qd8 30.Rxg7
Kxg7 31.Ng3 Ng8 32.f6+ Kh7 33.Qg4 1-0

[Event "16th Russian Club Cup, HL"]
[Site "Sochi RUS"]
[Date "2009.04.04"]
[Round "3.22"]
[White "Pridorozhni, Aleksei"]
[Black "Kozlov, Gennady"]
[Result "1-0"]
[WhiteElo "2528"]
[BlackElo "2265"]
[Annotator ""]
[Source ""]
[Remark ""]

1.e4 e6 2.d3 d5 3.Nd2 Nf6 4.Ngf3 c5 5.g3 b6 6.Bg2 Bb7 7.O-O Qc7
8.Re1 Nbd7 9.e5 Ng4 10.Qe2 h5 11.Nf1 g6 12.h3 Nh6 13.Bf4 Bg7
14.c3 Nf5 15.Qd2 O-O-O 16.a4 a6 17.d4 Bh6 18.Bxh6 Nxh6 19.b4
c4 20.Ng5 Nf8 21.Nh2 Kb8 22.a5 b5 23.Qf4 Qe7 24.Nhf3 Nd7 25.Ra2
Rdf8 26.Qc1 Bc6 27.Nh2 Nf5 28.Qd2 Kb7 29.Nf1 Ng7 30.f4 Ka7 31.Nh2
Nb8 32.g4 Bd7 33.Qe3 Nc6 34.Rf2 Rfg8 35.Nf1 Be8 36.Ng3 Qd8 37.N3e4
Kb8 38.Nf6 Ne7 39.Bf3 Rf8 40.Ngh7 Rxh7 41.Nxh7 Rh8 42.Nf6 h4
43.Bd1 Bd7 44.Bc2 Bc8 45.Kf1 Ka8 46.Ke2 Qc7 47.Kd2 Kb8 48.Kc1
Ka8 49.Ref1 Qb7 50.Qf3 Kb8 51.Qg2 Ka7 52.Kd2 Kb8 53.f5 exf5 54.gxf5
Ngxf5 55.Bxf5 Bxf5 56.Rxf5 Nxf5 57.Qxd5 Qxd5 58.Nxd5 Re8 59.Rf4
Re6 60.Ne3 f6 61.Nxf5 gxf5 62.Rxf5 fxe5 63.dxe5 Rg6 64.Rf6 Rg3
65.Rxa6 Rd3+ 66.Kc2 Rxh3 67.Rb6+ Kc7 68.Rxb5 Rh2+ 69.Kb1 h3 70.a6
Rh1+ 71.Kb2 Rh2+ 72.Ka3 Rh1 73.Rb7+ Kc6 74.Rh7 Ra1+ 75.Kb2 Rxa6
76.Rxh3 Kd5 77.Rh4 Rc6 78.Rh5 Re6 79.Rg5 Rh6 80.e6+ Kxe6 81.Rc5
Rh4 82.Ka3 1-0

[Event "16th Russian Club Cup, HL"]
[Site "Sochi RUS"]
[Date "2009.04.04"]
[Round "3.23"]
[White "Oparin, Grigoriy"]
[Black "Kabanov, Nikolai"]
[Result "1/2-1/2"]
[WhiteElo "2257"]
[BlackElo "2517"]
[Annotator ""]
[Source ""]
[Remark ""]

1.e4 e5 2.Nf3 Nc6 3.Bc4 Nf6 4.d3 h6 5.c3 d6 6.Bb3 g6 7.O-O Bg7
8.Nbd2 O-O 9.Re1 Nd7 10.Nf1 Nc5 11.Bc2 Ne6 12.Ng3 Ng5 13.Nxg5
hxg5 14.b4 a6 15.Bb3 g4 16.Be3 Qh4 17.f3 Nd8 18.Rf1 Ne6 19.fxg4
Nf4 20.Qc2 Bh6 21.Ne2 Nxe2+ 22.Qxe2 Bxg4 23.Qd2 Bxe3+ 24.Qxe3
Kg7 25.Rf2 Rae8 26.Raf1 Re7 27.g3 Qh5 28.Rf6 Bh3 29.R1f3 Bd7
30.Qf2 Bf5 31.R6xf5 gxf5 32.Rxf5 Qg6 33.h4 f6 34.Qf3 Kh8 35.Rg5
Qe8 36.Rf5 Rg7 37.Kh2 Qg6 38.Kh3 Rh7 39.a4 Kg7 40.Qf2 Rh5 41.Be6
Rxf5 42.Bxf5 Qh6 43.Qa7 Qc1 44.Qxb7 Qxc3 45.Qxa6 Rb8 46.Qa7 Rxb4
47.Qa8 Qxd3 48.Qe8 Qf1+ 49.Kg4 Qd1+ 50.Kh3 Qh1+ 51.Kg4 Qd1+ 1/2-1/2

[Event "16th Russian Club Cup, HL"]
[Site "Sochi RUS"]
[Date "2009.04.04"]
[Round "3.24"]
[White "Genba, Vladimir"]
[Black "Antipov, Mikhail Al."]
[Result "1-0"]
[WhiteElo "2441"]
[BlackElo "2208"]
[Annotator ""]
[Source ""]
[Remark ""]

1.e4 e6 2.d4 d5 3.Nd2 Nf6 4.e5 Nfd7 5.f4 c5 6.Ngf3 Nc6 7.Nb3
cxd4 8.Nbxd4 Bc5 9.c3 Qe7 10.Bb5 Nxd4 11.cxd4 Bb4+ 12.Bd2 O-O
13.O-O Bxd2 14.Qxd2 a6 15.Bd3 f5 16.exf6 Nxf6 17.Rae1 Qd6 18.Ne5
Bd7 19.Rf3 Bb5 20.Bb1 Rad8 21.Rfe3 Rde8 22.g3 Re7 23.b3 Be8 24.Rc1
Bf7 25.Qc3 Qd8 26.Bd3 Nd7 27.Nf3 Nf6 28.h3 g6 29.Rc2 Kg7 30.Kf2
Rfe8 31.Ke1 Rf8 32.Kd2 Rfe8 33.Kc1 Rf8 34.Kb2 Rfe8 35.Ng5 Qd7
36.Nf3 Qd8 37.Ne5 Nd7 38.g4 Nxe5 39.Rxe5 Qd7 40.Qe1 Qd6 41.Qc3
Qd7 42.h4 Kg8 43.h5 Rf8 44.Rg5 h6 45.Re5 gxh5 46.gxh5 Be8 47.f5
exf5 48.Rxd5 Qe6 49.Re5 Qd7 50.Qc5 Rxe5 51.Rg2+ Kh7 52.Qxe5 Bxh5
53.Rc2 Rf7 54.d5 Bf3 55.d6 Bc6 56.Rf2 Kg6 57.Bc4 Rf8 58.Be6 Qg7
59.Bxf5+ Kf7 60.Bh7+ 1-0

[Event "16th Russian Club Cup, HL"]
[Site "Sochi RUS"]
[Date "2009.04.04"]
[Round "3.25"]
[White "Kokarev, Dmitry"]
[Black "Makarov, Marat"]
[Result "1/2-1/2"]
[WhiteElo "2603"]
[BlackElo "2511"]
[Annotator ""]
[Source ""]
[Remark ""]

1.e4 c5 2.Nf3 d6 3.d4 cxd4 4.Nxd4 Nf6 5.Nc3 a6 6.Bg5 e6 7.f4
h6 8.Bh4 Nc6 9.e5 g5 10.fxg5 Nd5 11.Nxd5 exd5 12.exd6 Bxd6 13.Qe2+
Kf8 14.O-O-O hxg5 15.Bf2 Qf6 16.Kb1 Be5 17.c3 Bxd4 18.Bxd4 Nxd4
19.Rxd4 Bf5+ 20.Ka1 Re8 21.Qd1 Be4 22.Rd2 1/2-1/2